000 00301nam a22001337a 4500
008 181107b xxu||||| |||| 00| 0 eng d
020 _a9780397515004
041 _aeng
080 _28th
_a611.018
100 _a9
101 _aHIS
245 _aHistopathology of the Skin
_cElder,D
942 _2udc
_cBK
999 _c52158
_d52158